000 00824nam a2200241 a 4500
008
020 _a0751708135 (pbk.)
049 _aMAIN
090 _aHD31.A32
_bASS
110 1 _aAssociation of Chartered Certified Accountants.
245 1 0 _aACCA practice kit performance management :
_bfor exams in June and December2002 paper 3.3 /
_cACCA.
260 _aLondon :
_bBPP,
_c2002.
300 _axxii, 298 p. ;
_c29 cm.
440 _aACCA Practice and revision kit.
650 _aAssociation of Chartered Certified Accountants
_xExam
_vPractice revision kit.
650 _aManagement
650 _aManagement
_xcontrol and decision making
907 _a.b10234548
_b14-02-13
_c22-02-07
003
005 20230123134409.0
040 _cNUST
942 _cBOOKS
_kHD31.A32
_mASS
999 _c165211
_d165211